Big bucks!

Bibliographic Details
Main Author: Blanchard, Ken
Other Authors: Bowles, Sheldon
Format: Book
Published: New York : William Morrow , 2000
Subjects:

MARC

LEADER 00000cam a2200000 7i4500
001 0000018480
005 20130507.0
008 080605
020 |a 0688170358 
090 0 0 |a 332.02401   |b BLA 
100 1 |a Blanchard, Ken 
245 1 0 |a Big bucks!   |c Ken Blanchard / Sheldon Bowles 
260 |a New York :   |b William Morrow ,   |c 2000 
650 0 |a Finance, personal 
650 0 |a Succes 
650 0 |a Wealth 
700 1 |a Bowles, Sheldon 
999 |a 0001014956   |b Book   |c Adult Collection   |e Perbadanan Perpustakaan Awam Johor 
999 |a 0001014957   |b Book   |c Adult Collection   |e Cawangan Sri Merlong